Effects of Excess Cash, Board Attributes and Insider Ownership on Firm Value: Evidence from Pakistan (Record no. 311397)
[ view plain ]
| 000 -LEADER | |
|---|---|
| fixed length control field | 00477nam a2200133Ia 4500 |
| 008 - FIXED-LENGTH DATA ELEMENTS--GENERAL INFORMATION | |
| fixed length control field | 170221s9999 xx 000 0 und d |
| 100 ## - MAIN ENTRY--PERSONAL NAME | |
| Personal name | Nadeem Ahmed Sheikh |
| 245 ## - TITLE STATEMENT | |
| Title | Effects of Excess Cash, Board Attributes and Insider Ownership on Firm Value: Evidence from Pakistan |
| 245 ## - TITLE STATEMENT | |
| Statement of responsibility, etc | Nadeem Ahmed Sheikh and Muhammad Imran Khan |
| 260 ## - PUBLICATION, DISTRIBUTION, ETC. (IMPRINT) | |
| Date of publication, distribution, etc | 2012 |
| 300 ## - PHYSICAL DESCRIPTION | |
| Extent | 32 : 18 |
| 650 ## - SUBJECT ADDED ENTRY--TOPICAL TERM | |
| General subdivision | Business |
| 856 ## - ELECTRONIC LOCATION AND ACCESS | |
| Uniform Resource Identifier | <a href="http://ro.uow.edu.au/cgi/viewcontent.cgi?article=1678&context=aabfj">http://ro.uow.edu.au/cgi/viewcontent.cgi?article=1678&context=aabfj</a> |
| Withdrawn status | Lost status | Damaged status | Home library | Current library | Date acquired | Total Checkouts | Date last seen | Price effective from | Koha item type |
|---|---|---|---|---|---|---|---|---|---|
| College Library | College Library | 02/21/2017 | 02/21/2017 | 02/21/2017 | Foreign e-journal articles |